[Event "It (cat.2) (b)"]
[Site "masterchessopen.com - Budapest (Hungary)"]
[Round "2"]
[White "Woodward Timothy DM (ENG)"]
[Black "Lehmann Holger (GER)"]
[Result "1-0"]
[WhiteElo "2307"]
[BlackElo "2182"]

1.d4 f5 2.c4 Nf6 3.Nf3 g6 4.g3 Bg7 5.Bg2 O-O 6.O-O d6 7.Nc3 Nc6 8.d5 Ne5
9.Nxe5 dxe5 10.e4 f4 11.gxf4 exf4 12.e5 Ng4 13.e6 Ne5 14.Be4 f3 15.Re1 g5
16.Qc2 Qe8 17.Bxh7+ Kh8 18.Rxe5 Bxe5 19.Bg6 Qd8 20.Qe4 Qd6 21.Qg4 Bxh2+ 22.Kf1
Kg7 23.Qxg5 Bf4 24.Qg4 Rh8 25.Bh5+ Kf8 26.Qf5+ {#r} 1-0

[Event "It (open)"]
[Site "masterchessopen.com - Burgos (Spain)"]
[Round "2"]
[White "Veingold Aleksandr (EST)"]
[Black "Martins Hugo Fidalgo (POR)"]
[Result "1-0"]
[WhiteElo "2473"]
[BlackElo "2145"]

1.d4 f5 2.c4 g6 3.Nc3 Nf6 4.g3 Bg7 5.Bg2 O-O 6.Nf3 d6 7.O-O Nc6 8.d5 Na5 9.Qa4
c5 10.dxc6 bxc6 11.Bd2 Bd7 12.c5 dxc5 13.Nd1 Nb7 14.Qb3+ Nd5 15.Qxb7 Re8
16.Qb3 e5 17.e4 fxe4 18.Ng5 Rb8 19.Qc4 Bh6 20.Nxe4 Bxd2 21.Nxd2 Be6 22.Qxc5
{#r} 1-0

[Event "Ch Costa Rica"]
[Site "masterchessopen.com - Cenfotec (Costa Rica)"]
[Round "1"]
[White "Minero Carlos (CRC)"]
[Black "Centeno Erick (CRC)"]
[Result "1-0"]
[WhiteElo "2157"]
[BlackElo "2025"]

1.Nf3 g6 2.g3 Bg7 3.Bg2 d6 4.d4 f5 5.O-O Nf6 6.c4 O-O 7.Nc3 Nc6 8.b3 e5 9.d5
Ne7 10.Bb2 h6 11.b4 g5 12.c5 f4 13.cxd6 cxd6 14.Nd2 Nf5 15.Nde4 Qb6 16.a4 Ng4
17.a5 Qxb4 18.Ba3 Qc4 19.Rc1 fxg3 20.hxg3 Rd8 21.Bf3 Nge3 22.fxe3 Nxe3 23.Qd2
Nxf1 24.Rxf1 Bh3 25.Rc1 Qa6 26.g4 h5 27.Qxg5 hxg4 28.Nf6+ Kf7 29.Nxg4 Bxg4
30.Bxg4 Qxa5 31.Be6+ {#r} 1-0

[Event "It (open)"]
[Site "masterchessopen.com - El Sauzal (Spain)"]
[Round "9"]
[White "Perera Pablo (ESP)"]
[Black "Moskalenko Viktor (UKR)"]
[Result "0-1"]
[WhiteElo "2211"]
[BlackElo "2551"]

1.Nf3 f5 2.g3 Nf6 3.Bg2 g6 4.O-O Bg7 5.d4 O-O 6.c4 d6 7.Nc3 Nc6 8.d5 Ne5 9.Qb3
Nfd7 10.Be3 Ng4 11.Bd4 Nde5 12.Rad1 f4 13.Nb5 a6 14.Bxe5 Nxe5 15.Nbd4 Bd7
16.Ng5 fxg3 17.hxg3 Qc8 18.Nde6 h6 19.Nxf8 Qxf8 20.Ne6 Bxe6 21.dxe6 Rb8 22.c5
dxc5 23.Qd5 Qf5 24.f4 Ng4 25.Qxf5 gxf5 26.Rd7 Kf8 27.e4 fxe4 28.Bxe4 Nf6
29.Rfd1 {#R} 0-1

[Event "Ch France (team) 2003"]
[Site "masterchessopen.com - France"]
[Round "10"]
[White "Leriche Eric (FRA)"]
[Black "Netzer Jacques (FRA)"]
[Result "0-1"]
[WhiteElo "2306"]
[BlackElo "2242"]

1.d4 f5 2.Nf3 Nf6 3.c4 g6 4.g3 Bg7 5.Bg2 O-O 6.O-O d6 7.Nc3 Nc6 8.d5 Ne5
9.Nxe5 dxe5 10.c5 h6 11.Qb3 Kh8 12.a4 g5 13.a5 a6 14.Qa4 e4 15.Rd1 Rb8 16.f4
b5 17.axb6 cxb6 18.fxg5 hxg5 19.c6 b5 20.Qa5 Qd6 21.Bxg5 Ng4 22.e3 Bh6 23.Bxh6
Qxh6 24.h3 Qxe3+ 25.Kh1 Nf2+ 26.Kh2 f4 27.Nxe4 Nxe4 28.Ra3 fxg3+ 29.Kh1 Nf2+
30.Kg1 Nxh3+ {#R} 0-1

[Event "Bundesliga 2003/04 (w)"]
[Site "masterchessopen.com - Germany"]
[Round "3"]
[White "Eckhardt Claudia (GER)"]
[Black "Bosboom-Lanchava Tea (NED)"]
[Result "0-1"]
[WhiteElo "2209"]
[BlackElo "2352"]

1.d4 g6 2.Nf3 Bg7 3.g3 f5 4.Bg2 Nf6 5.O-O O-O 6.c4 d6 7.Nc3 Nc6 8.d5 Na5 9.Nd2
c5 10.e3 Bd7 11.Qc2 a6 12.Rb1 Rc8 13.b3 Qe8 14.e4 f4 15.Nf3 fxg3 16.hxg3 b5
17.Qd3 b4 18.Ne2 Nxe4 19.Qxe4 Bf5 20.Qh4 Bxb1 21.Ng5 h6 22.Ne6 g5 23.Qh2 Qg6
24.Bh3 Bxa2 25.f4 Nxb3 26.Nxf8 Rxf8 27.Be6+ Kh8 28.f5 Qf6 29.Nf4 Qd4+ 30.Kh1
Qe4+ {#R} 0-1

[Event "It (open)"]
[Site "masterchessopen.com - Ikaria (Greece)"]
[Round "4"]
[White "Pozharsky Viktor (RUS)"]
[Black "Karapanos Nikolaos (GRE)"]
[Result "1-0"]
[WhiteElo "2399"]
[BlackElo "2238"]

1.Nf3 g6 2.d4 f5 3.c4 Bg7 4.Nc3 Nf6 5.g3 O-O 6.Bg2 d6 7.O-O Nc6 8.d5 Ne5
9.Nxe5 dxe5 10.Qb3 h6 11.Rd1 Kh7 12.c5 a6 13.Qb4 Rf7 14.d6 exd6 15.cxd6 cxd6
16.Rxd6 Qe7 17.Be3 Nd7 18.Nd5 Qf8 19.Nc7 f4 20.Nxa8 fxe3 21.fxe3 Nf6 22.Qd2
Bf5 23.Rd8 Qc5 24.Rc1 Qa7 25.Rc7 Rxc7 26.Nxc7 Qc5 27.Ne8 Ng4 28.Nxg7 Nxe3
29.Qc3 Qb6 30.Qxe5 Nc2+ 31.e3 Qxd8 32.Ne8 {#r} 1-0

[Event "It (open)"]
[Site "masterchessopen.com - La Fere (France)"]
[Round "3"]
[White "Mestdagh Franck (FRA)"]
[Black "Sarakauskas Gediminas (LTU)"]
[Result "0-1"]
[WhiteElo "1919"]
[BlackElo "2440"]

1.d4 g6 2.Nf3 Bg7 3.c4 f5 4.g3 Nf6 5.Bg2 O-O 6.O-O d6 7.Nc3 Nc6 8.d5 Ne5 9.Qb3
Nfd7 10.Be3 h6 11.h3 g5 12.Nd2 f4 13.Bd4 Kh8 14.Rad1 c5 15.dxc6 bxc6 16.Qc2 a5
17.b3 Rb8 18.Nde4 c5 19.Nxc5 dxc5 20.Bxc5 Bb7 21.Nd5 Nxc5 22.Nf6 Bxf6 23.Rxd8
Rfxd8 {#R} 0-1

[Event "It (open)"]
[Site "masterchessopen.com - Leutersdorf (Germany)"]
[Round "9"]
[White "Winter Karlheinz (GER)"]
[Black "Welz Peter Dr (GER)"]
[Result "0-1"]
[WhiteElo "1993"]
[BlackElo "2161"]

1.c4 f5 2.Nc3 Nf6 3.Nf3 g6 4.g3 Bg7 5.Bg2 O-O 6.O-O d6 7.d4 Nc6 8.Rb1 e5 9.d5
Ne7 10.Bg5 h6 11.Bxf6 Rxf6 12.e4 f4 13.gxf4 Rxf4 14.Qd3 Kh7 15.Ne2 Rf7 16.Ng3
Ng8 17.b4 Qe7 18.Rfc1 Bd7 19.c5 Raf8 20.cxd6 Qxd6 21.Rc3 Bg4 22.Qe2 Qd7
23.Rbb3 Nf6 24.Qf1 Nh5 25.Nxh5 Bxh5 26.Bh3 Qe7 27.Qg2 Rf4 28.Qh1 Rxe4 29.Rxc7
Qxc7 {#R} 0-1

[Event "It (open) (c)"]
[Site "masterchessopen.com - Pilsen-Lobzy (Czech Republic)"]
[Round "9"]
[White "Hruby Vaclav (CZE)"]
[Black "Neumanova Monika (CZE)"]
[Result "1-0"]
[WhiteElo "1877"]
[BlackElo "1710"]

1.Nf3 f5 2.d4 Nf6 3.g3 g6 4.Bg2 Bg7 5.O-O O-O 6.c4 d6 7.Nc3 Nc6 8.Re1 e5
9.dxe5 dxe5 10.Bg5 h6 11.Qxd8 Nxd8 12.Bxf6 e4 13.Bxg7 Kxg7 14.Nd4 {#r} 1-0

[Event "It (open)"]
[Site "masterchessopen.com - Porto San Giorgio (Italy)"]
[Round "1"]
[White "Kuljasevic Davorin (CRO)"]
[Black "Ragonese Rosario L (ITA)"]
[Result "1-0"]
[WhiteElo "2410"]
[BlackElo "2001"]

1.d4 f5 2.g3 g6 3.Bg2 Bg7 4.Nf3 Nf6 5.c4 O-O 6.Nc3 d6 7.O-O Nc6 8.d5 Ne5
9.Nxe5 dxe5 10.c5 e6 11.d6 cxd6 12.cxd6 Ne8 13.Qb3 Qxd6 14.Be3 Bf6 15.Rac1 Be7
16.a3 f4 17.Ne4 Qa6 18.Bc5 Rf7 19.Bxe7 Rxe7 20.Qb4 Rf7 21.Rfd1 Bd7 22.Nc5 Qb5
23.Nxd7 Qxe2 24.Re1 {#r} 1-0

[Event "Ch Croatia"]
[Site "masterchessopen.com - Rabac (Croatia)"]
[Round "8"]
[White "Krkljes Slaven (CRO)"]
[Black "Zelic Mladen (CRO)"]
[Result "1-0"]
[WhiteElo "2146"]
[BlackElo "2282"]

1.c4 f5 2.Nf3 Nf6 3.g3 g6 4.Bg2 Bg7 5.O-O O-O 6.Nc3 d6 7.d4 Nc6 8.d5 Na5 9.Nd2
c5 10.Rb1 a6 11.a3 Qc7 12.e3 Rb8 13.Qe2 b5 14.cxb5 axb5 15.Nxb5 Qb6 16.a4 Bb7
17.Qd3 Nd7 18.b3 Ba6 19.b4 cxb4 20.Rxb4 Rfc8 21.Bb2 Nc5 22.Qa3 Bxb2 23.Rxb2
Nxa4 24.Qxa4 Bxb5 25.Qh4 Rb7 26.Nf3 Kg7 27.Ng5 Rh8 28.Rfb1 Qa6 29.Qd4+ Kg8
30.Ne6 {#r} 1-0

[Event "It (open)"]
[Site "masterchessopen.com - Rubi (Spain)"]
[Round "4"]
[White "Gironella Perello Lluis (ESP)"]
[Black "Yepes Martinez Eduard (ESP)"]
[Result "0-1"]
[WhiteElo "2064"]
[BlackElo "2283"]

1.d4 f5 2.c4 Nf6 3.g3 g6 4.Bg2 Bg7 5.Nf3 O-O 6.O-O d6 7.Nc3 Nc6 8.d5 Ne5 9.Qb3
Nxf3+ 10.Bxf3 a6 11.Bg2 Rb8 12.a4 e5 13.dxe6 Bxe6 14.Be3 c6 15.a5 Qe7 16.Rfd1
Rbd8 17.Qb4 Ng4 18.Bb6 Rd7 19.Rd2 Ne5 20.b3 f4 21.Rad1 f3 22.exf3 Nxf3+
23.Bxf3 Rxf3 24.Ne4 c5 25.Bxc5 dxc5 26.Rxd7 Bxd7 27.Qxb7 Bd4 28.Nxc5 Rf7
29.Rxd4 Qe1+ 30.Kg2 Qxf2+ {#R} 0-1

[Event "It (open)"]
[Site "masterchessopen.com - Schwarzach (Austria)"]
[Round "5"]
[White "Umansky Mikhail (GER)"]
[Black "Dubkov Andrej (GER)"]
[Result "1-0"]
[WhiteElo "2481"]
[BlackElo "2319"]

1.d4 f5 2.c4 Nf6 3.Nf3 g6 4.g3 Bg7 5.Bg2 O-O 6.O-O d6 7.Nc3 Nc6 8.d5 Ne5
9.Nxe5 dxe5 10.c5 h6 11.b4 ( 11.a4 g5 12.a5 a6 13.Ra3 Bd7 14.b4 e4 15.f3 exf3
16.Bxf3 Rb8 17.e4 fxe4 18.Nxe4 Nxe4 19.Bxe4 Rxf1+ 20.Qxf1 Qf8 21.Rf3 Bd4+
22.Kg2 Qg7 23.Bf5 Bxf5 24.Rxf5 Rf8 25.Rxf8+ Qxf8 { Larsen,B-Rodi,L/Pinamar
2001/CBM 82/1/2-1/2 (38) } ) 11...g5 12.Bb2 Qe8 ( 12...a6 13.e4 ( 13.a4 e4
14.Qb3 e6 15.Rfd1 exd5 16.Nxd5 Nxd5 17.Bxg7 Kxg7 18.Qxd5 Qxd5 19.Rxd5 Be6
20.Rd4 Kf6 21.f3 exf3 22.Bxf3 c6 23.Rad1 Ke5 24.Rd6 Rf7 25.R1d3 Re7 26.b5 axb5
27.axb5 cxb5 { Izsak,G-Danner,G/Budapest 1995/EXT 97/1/2-1/2 (45) } ) 13...f4
14.Nb1 g4 15.Re1 f3 16.Bf1 Nh7 17.Nd2 Qe8 18.Nc4 Qh5 19.d6 Be6 20.dxc7 Rac8
21.Qc2 Rxc7 22.Rad1 Ng5 23.Kh1 Nh3 24.Rd2 Rd7 25.Red1 Rfd8 26.Rxd7 Rxd7
27.Rxd7 { Cvitan,O-Somlai,L/Mendrisio 1999/EXT 2000/1/2-1/2 (27) } ) 13.Qb3
Kh8 14.Rad1 a6 15.b5 e4 16.f3 exf3 17.exf3 e5 18.Rfe1 g4 19.f4 ( 19.b6 { !? }
) 19...e4 20.b6 c6 21.dxc6 Qxc6 22.Qb4 Be6 23.Rd6 Qe8 24.Red1 ( 24.Nxe4 { ! }
24...fxe4 25.Bxe4 { +?? } ) 24...Qe7 25.Bf1 Rac8 26.Ne2 Ne8 27.Nd4 Bd7 { ? } (
27...Nxd6 28.cxd6 Qd7 29.Nxe6 Qxe6 30.d7 { +?? } ) ( 27...Bxa2 { ! } 28.Rxh6+
Kg8 29.Qa3 Bxh6 ( 29...Bd5 30.Rh5 Qd7 31.Be2 Rd8 32.Rg5 { ? } ) 30.Qxa2+ Kh7
31.c6 { ? } ) 28.Rxh6+ { +?? } {#r} 1-0

[Event "It"]
[Site "masterchessopen.com - Tenerife (Spain)"]
[Round "1"]
[White "Villavicencio Adalberto (ESP)"]
[Black "Alonso Moyano Jonathan (ESP)"]
[Result "1-0"]
[WhiteElo "2346"]
[BlackElo "2417"]

1.d4 f5 2.g3 Nf6 3.Bg2 g6 4.Nf3 Bg7 5.O-O O-O 6.c4 d6 7.Nc3 Nc6 8.d5 Ne5 9.Qb3
Nxf3+ 10.Bxf3 Nd7 11.Bg2 e5 12.dxe6 Nc5 13.Qc2 Nxe6 14.e3 g5 15.f4 h6 16.Bd2
Qe8 17.Rae1 Qg6 18.Nd5 Rf7 19.fxg5 Qxg5 20.e4 Nd4 21.Qd3 Qd8 22.Bc3 c5 23.Kh1
fxe4 24.Qxe4 Rxf1+ 25.Rxf1 Bd7 26.Bxd4 cxd4 27.Ne7+ Kh8 28.Rf7 Be8 29.Rxg7
Kxg7 30.Qxd4+ Kf8 31.Qf6+ Bf7 32.Bd5 {#r} 1-0

[Event "Cup Russia (open)"]
[Site "masterchessopen.com - Tomsk (Russia)"]
[Round "4"]
[White "Oroudzhov Anar (RUS)"]
[Black "Odinokov Nikolai (RUS)"]
[Result "0-1"]
[WhiteElo "2102"]
[BlackElo "2315"]

1.d4 g6 2.Nf3 f5 3.g3 Nf6 4.Bg2 Bg7 5.O-O O-O 6.c4 d6 7.Nc3 Nc6 8.d5 Na5 9.Qd3
e5 10.dxe6 Bxe6 11.Nd5 Kh8 12.Bg5 Nxc4 13.Qxc4 c6 14.Nd4 Bxd5 15.Bxd5 cxd5
16.Qd3 Qd7 17.Rfd1 Ne4 18.Be3 Rae8 19.Rab1 g5 20.Nf3 f4 21.Bxa7 Qh3 22.Bd4
fxg3 23.Bxg7+ Kxg7 24.Qd4+ Kh6 25.fxg3 Nxg3 {#R} 0-1

[Event "Ch New Zealand"]
[Site "masterchessopen.com - Wanganui (New Zealand)"]
[Round "4"]
[White "Croad Nicolas (NZL)"]
[Black "Reilly Tim (AUS)"]
[Result "0-1"]
[WhiteElo "2243"]
[BlackElo "2329"]

1.Nf3 g6 2.c4 f5 3.g3 Nf6 4.Bg2 Bg7 5.O-O O-O 6.d4 d6 7.Nc3 Nc6 8.d5 Na5 9.Qd3
c5 10.Rb1 Ne4 11.Nd1 e5 12.dxe6 Bxe6 13.Ne3 b5 14.Nd2 bxc4 15.Nexc4 Nxc4
16.Nxc4 d5 17.Ne3 c4 18.Qc2 Rc8 19.Rd1 Qb6 20.Nxd5 Qxf2+ 21.Kh1 Bxd5 {#R} 0-1

[Event "It (open)"]
[Site "masterchessopen.com - Zaragoza (Spain)"]
[Round "8"]
[White "Garza Marco Sergio (ESP)"]
[Black "Baron Rodriguez Jorge (ESP)"]
[Result "1-0"]
[WhiteElo "2372"]
[BlackElo "2356"]

1.g3 f5 2.d4 Nf6 3.Bg2 g6 4.Nf3 Bg7 5.O-O O-O 6.c4 d6 7.Nc3 Nc6 8.d5 Na5 9.Qa4
c5 10.dxc6 bxc6 11.c5 dxc5 12.Ne5 Qb6 13.Be3 Be6 14.Nd3 Nd7 15.Qc2 Nc4 16.Bg5
Rfe8 17.Rad1 Bf7 18.Na4 Qb5 19.b3 Na3 20.Qc1 c4 21.Ne1 cxb3 22.axb3 Qxb3
23.Rxd7 Qxa4 24.Bxc6 Qa6 25.Bxa8 Rxa8 26.Rxe7 Nc4 27.Nf3 Qa2 28.Rd1 Rf8 29.Bh6
Bf6 30.Bxf8 Kxf8 31.Rc7 {#r} 1-0

[Event "It (open)"]
[Site "masterchessopen.com - Schwabisch Gmund (Germany)"]
[Date "2003.01.05"]
[Round "9"]
[White "Hirn Oskar (GER)"]
[Black "Erker Thomas (GER)"]
[Result "1-0"]
[WhiteElo "2191"]
[BlackElo "2150"]

1.d4 f5 2.g3 g6 3.Bg2 Nf6 4.c4 Bg7 5.Nc3 d6 6.Nf3 O-O 7.O-O Nc6 8.d5 Ne5
9.Nxe5 dxe5 10.Qc2 e4 11.Bf4 a6 12.Rad1 h6 13.Qd2 Kh7 14.Be5 Bd7 15.f3 exf3
16.exf3 c6 17.Qd4 cxd5 18.Nxd5 Bc6 19.f4 Rc8 20.b3 Qa5 21.Qb2 Rcd8 22.b4 Qa4
23.Nc3 {#r} 1-0

[Event "Oberliga East B 2002/03"]
[Site "masterchessopen.com - Germany"]
[Date "2003.02.09"]
[Round "7"]
[White "Reschke Stefan (GER)"]
[Black "Solonar Stefan (GER)"]
[Result "1-0"]
[WhiteElo "2355"]
[BlackElo "2390"]

1.Nf3 f5 2.c4 Nf6 3.g3 g6 4.Nc3 Bg7 5.Bg2 O-O 6.O-O d6 7.d4 Nc6 8.d5 Ne5
9.Nxe5 dxe5 10.Be3 h6 11.Bc5 Rf7 12.Qb3 g5 13.Ba3 Bf8 14.Rad1 Kh8 15.c5 Rg7
16.Rd2 e4 17.e3 Qe8 18.Nb5 f4 19.Nxc7 Qh5 20.f3 g4 21.fxe4 f3 22.Nxa8 fxg2
23.Rf4 Rf7 24.Rdf2 Bg7 25.Nc7 e5 26.Rf5 Bxf5 27.Rxf5 Qg6 28.d6 Rf8 29.Qe6 Kh7
30.Bb4 {#r} 1-0

[Event "It (open) \"]
[Site "masterchessopen.com - Ballarat (Australia)"]
[Date "2003.03.09"]
[Round "5"]
[White "Dunn Paul (NZL)"]
[Black "Bailey R (ENG)"]
[Result "0-1"]
[WhiteElo "2184"]
[BlackElo "2340"]

1.c4 f5 2.Nf3 Nf6 3.g3 g6 4.Bg2 Bg7 5.O-O d6 6.d4 O-O 7.Nc3 Nc6 8.b3 Ne4 9.Bb2
Nxc3 10.Bxc3 Qe8 11.e3 e5 12.dxe5 dxe5 13.Qd2 Qe7 14.Nxe5 Nxe5 15.Bb4 c5
16.Qd5+ Qe6 17.Qxc5 Nd3 18.Qxf8+ Bxf8 19.Bd5 Qxd5 {#R} 0-1

[Event "Ch Provinciale CO"]
[Site "masterchessopen.com - San Fermo della Battaglia (Italy)"]
[Date "2003.03.29"]
[Round "1"]
[White "Galasso Daniele (ITA)"]
[Black "Buonocore Elio (ITA)"]
[Result "0-1"]
[WhiteElo "1676"]
[BlackElo "2170"]

1.c4 f5 2.Nc3 Nf6 3.g3 g6 4.Bg2 Bg7 5.Nf3 O-O 6.O-O d6 7.d4 Nc6 8.Re1 e5
9.dxe5 dxe5 10.Qxd8 Rxd8 11.Rb1 e4 12.Ng5 h6 13.Nh3 Be6 14.b3 g5 15.Nb5 Rd7
16.Bb2 Rad8 17.e3 Ng4 18.Bxg7 Kxg7 19.f3 exf3 20.Bxf3 Nce5 21.Nd4 Rxd4 22.exd4
Nxf3+ 23.Kg2 Nxe1+ 24.Rxe1 Kf7 25.d5 Bd7 {#R} 0-1

[Event "Simultan"]
[Site "masterchessopen.com - Hania (Greece)"]
[Date "2003.04.21"]
[Round "0"]
[White "Kouvatsou Maria (GRE)"]
[Black "Vazoura Eleftheria (GRE)"]
[Result "1-0"]
[WhiteElo "2208"]
[BlackElo "1570"]

1.d4 f5 2.c4 Nf6 3.Nc3 d6 4.g3 g6 5.Bg2 Bg7 6.Nf3 O-O 7.O-O Nc6 8.d5 Ne5 9.Nd4
Nxc4 10.b3 Nb6 11.Bb2 Rb8 12.a4 a5 13.Qd2 Bd7 14.Rac1 Na8 15.Ncb5 b6 16.Rc2
Ne4 17.Bxe4 fxe4 18.Qe3 Rb7 19.Qxe4 Bf5 20.Nxf5 Rxf5 21.Bxg7 Kxg7 22.Nd4 Qd7
23.Nxf5+ gxf5 24.Qd4+ Kh6 25.Qh8 Ra7 26.Qb8 {#r} 1-0

[Event "Ch France (open) (b)"]
[Site "masterchessopen.com - Aix les Bains (France)"]
[Date "2003.08.28"]
[Round "9"]
[White "Agrech Pierre (FRA)"]
[Black "Wagner Bruno (FRA)"]
[Result "1-0"]
[WhiteElo "2133"]
[BlackElo "1967"]

1.c4 f5 2.d4 Nf6 3.g3 g6 4.Bg2 Bg7 5.Nf3 d6 6.O-O O-O 7.Nc3 Nc6 8.Rb1 e5 9.e3
a6 10.b4 Ne4 11.Qd3 Nxc3 12.Qxc3 g5 13.b5 axb5 14.cxb5 Na5 15.dxe5 g4 16.Nd4
dxe5 17.Nb3 Nxb3 18.Qxb3+ Kh8 19.Bb2 Qe7 20.Bd5 Re8 21.Rbc1 Rb8 22.Rfd1 f4
23.Ba3 Qg5 24.Bf7 f3 25.Bxe8 Qh6 26.Rd8 Be6 27.Rxb8 Bxb3 28.Bf7+ Bf8 29.Bxf8
{#r} 1-0

[Event "It \"]
[Site "masterchessopen.com - Edmonton (Canada)"]
[Date "2003.10.12"]
[Round "0"]
[White "Ristovic Nenad (CAN)"]
[Black "Gardner Robert (CAN)"]
[Result "1-0"]
[WhiteElo "2293"]
[BlackElo "2205"]

1.d4 f5 2.c4 g6 3.Nc3 Nf6 4.Nf3 Bg7 5.g3 O-O 6.Bg2 d6 7.O-O Nc6 8.d5 Ne5
9.Nxe5 dxe5 10.e4 f4 11.gxf4 exf4 12.e5 Ng4 13.e6 Ne5 14.Re1 Nxc4 15.Re4 Nd6
16.Rxf4 Rxf4 17.Bxf4 b6 18.Rc1 Bb7 19.Qb3 Rc8 20.Nb5 a6 21.Na7 Ra8 22.Nc6 Bxc6
23.Rxc6 Nb5 24.Qb4 Bd4 25.a4 Bc5 26.Qd2 Nd4 27.b4 Nxc6 28.bxc5 Na5 29.Bh6 {#r}
1-0

[Event "Ch France (team) (2) 2003/04"]
[Site "masterchessopen.com - France"]
[Date "2003.10.12"]
[Round "1"]
[White "Housieaux David (FRA)"]
[Black "Garbisu De Goni Unai (ESP)"]
[Result "0-1"]
[WhiteElo "2332"]
[BlackElo "2460"]

1.Nf3 f5 2.c4 Nf6 3.g3 g6 4.Bg2 Bg7 5.O-O O-O 6.d4 d6 7.Nc3 Nc6 8.d5 Ne5 9.Qc2
Nxc4 10.Nb5 a6 11.Qxc4 axb5 12.Qxb5 Qd7 13.Qd3 c6 14.dxc6 bxc6 15.Nd4 Bb7
16.Qb3+ d5 17.Bf4 Nh5 18.Nf3 Nxf4 19.gxf4 Ba6 20.Qc2 Qd6 21.Ne5 Rfc8 22.Rfd1
Bxe5 23.fxe5 Qxe5 24.Rd2 Rab8 25.Rb1 Rb4 26.Qc5 Rg4 27.Re1 Qf4 28.Qc1 Qg5 {#R}
0-1

[Event "It (open)"]
[Site "masterchessopen.com - Trieste (Italy)"]
[Round "0"]
[White "Nedimovic Ljubisa (SLO)"]
[Black "Cherin Diego (ITA)"]
[Result "0-1"]
[WhiteElo "2200"]
[BlackElo "2272"]

1.d4 f5 2.c4 Nf6 3.g3 g6 4.Bg2 Bg7 5.Nf3 O-O 6.Nc3 d6 7.O-O Nc6 8.d5 Na5 9.Nd2
c5 10.Rb1 a6 11.b4 cxb4 12.Rxb4 Rb8 13.e4 Qc7 14.a4 Nd7 15.Ne2 Ne5 16.Qc2 b5
17.Bb2 Bd7 18.axb5 axb5 19.Bxe5 Bxe5 20.Rfb1 bxc4 21.Rxb8 Rxb8 22.Rxb8+ Qxb8
23.Nxc4 Nxc4 24.Qxc4 Qb1+ 25.Qc1 Qd3 26.Qc7 Bb5 27.Bf1 Kf7 28.Qc1 fxe4 29.Kg2
Qf3+ {#R} 0-1

[Event "Bayern Oberliga 2003/04"]
[Site "masterchessopen.com - Bayern (Germany)"]
[Date "2003.11.02"]
[Round "2"]
[White "Deglmann Ludwig (GER)"]
[Black "Pflug Matthias (GER)"]
[Result "1-0"]
[WhiteElo "2278"]
[BlackElo "2220"]

1.d4 f5 2.c4 Nf6 3.Nf3 g6 4.g3 Bg7 5.Bg2 O-O 6.O-O d6 7.Nc3 Nc6 8.d5 Ne5
9.Nxe5 dxe5 10.c5 h6 11.Qb3 Kh7 12.Rd1 a6 13.Na4 g5 14.Bd2 f4 15.Ba5 Qe8
16.Bxc7 Ng4 17.Nb6 Qh5 18.h3 Nxf2 19.g4 Qh4 20.Qf3 Nxd1 21.Rxd1 h5 22.Qe4+ Kh8
23.Nxa8 hxg4 24.hxg4 Bxg4 25.Bxe5 Rxa8 26.Bxg7+ Kxg7 27.Qxe7+ Kh6 28.d6 Qg3
29.d7 Bh3 {#r} 1-0

[Event "Ch Bulgaria (team)"]
[Site "masterchessopen.com - Plovdiv (Bulgaria)"]
[Date "2003.11.06"]
[Round "2"]
[White "Jotov Hristo (BUL)"]
[Black "Bratanov Zsivko (BUL)"]
[Result "0-1"]
[WhiteElo "1976"]
[BlackElo "2448"]

1.d4 f5 2.c4 Nf6 3.Nc3 d6 4.Nf3 g6 5.g3 Bg7 6.Bg2 O-O 7.O-O Nc6 8.d5 Na5 9.Qd3
e5 10.dxe6 Bxe6 11.Nd2 Nc6 12.Bxc6 bxc6 13.Nf3 Ng4 14.Bg5 Qe8 15.Rac1 h6
16.Bd2 g5 17.h3 Ne5 18.Nxe5 dxe5 19.f4 Qh5 20.Kh2 exf4 21.Be1 fxg3+ 22.Bxg3 f4
{#R} 0-1

[Event "It (open)"]
[Site "masterchessopen.com - La Fere (France)"]
[Round "9"]
[White "Gosset Arnaud (FRA)"]
[Black "Dumortier Thierry (FRA)"]
[Result "1-0"]
[WhiteElo "2151"]
[BlackElo "2006"]

1.Nf3 f5 2.d4 g6 3.c4 Bg7 4.Nc3 d6 5.g3 Nf6 6.Bg2 O-O 7.O-O Nc6 8.d5 Ne5
9.Nxe5 dxe5 10.Qb3 Kh8 11.Rd1 Nd7 12.Qa3 e4 13.c5 b6 14.cxb6 cxb6 15.Bg5 Bf6
16.Bxf6+ Rxf6 17.Rac1 Nc5 18.b4 Nb7 19.Nb5 a6 20.f3 exf3 21.Bxf3 Nd6 22.Nd4
Bd7 23.Qe3 Rc8 24.Nc6 Bxc6 25.dxc6 Qc7 26.Bd5 e6 27.Qd4 Qe7 28.Bb3 {#r} 1-0

[Event "It (open)"]
[Site "masterchessopen.com - Auckland (New Zealand)"]
[Date "2004.01.20"]
[Round "3"]
[White "Bekker Gary (AUS)"]
[Black "Reilly Tim (AUS)"]
[Result "0-1"]
[WhiteElo "1895"]
[BlackElo "2329"]

1.d4 d6 2.c4 f5 3.Nf3 Nf6 4.g3 g6 5.Bg2 Bg7 6.Nc3 O-O 7.O-O Nc6 8.d5 Na5 9.Qa4
b6 10.e4 Bd7 11.Qb4 Nxe4 12.Nxe4 fxe4 13.Ng5 c5 14.dxc6 Nxc6 15.Qb3 Nd4 16.Qd1
Bc6 17.Nxe4 Qd7 18.Bd2 Qf5 19.Bc3 Bxe4 20.Bxd4 Bxg2 {#R} 0-1

[Event "Memorial Tringov (open)"]
[Site "masterchessopen.com - Plovdiv (Bulgaria)"]
[Date "2004.02.16"]
[Round "1"]
[White "Janev Tihomir (BUL)"]
[Black "Bratanov Zsivko (BUL)"]
[Result "0-1"]
[WhiteElo "2366"]
[BlackElo "2448"]

1.d4 f5 2.c4 d6 3.Nf3 Nf6 4.Nc3 g6 5.g3 Bg7 6.Bg2 O-O 7.O-O Nc6 8.d5 Na5 9.Nd2
c5 10.a3 Bd7 11.Rb1 Qc7 12.b3 a6 13.Bb2 b5 14.e4 Rab8 15.cxb5 axb5 16.Rc1 b4
17.axb4 Rxb4 18.Na2 Rbb8 19.b4 Qa7 20.Bc3 cxb4 21.Bxb4 fxe4 22.Nxe4 Bb5
23.Nxf6+ Bxf6 24.Bc3 Bxf1 25.Qxf1 Nb3 26.Rc2 Bxc3 27.Nxc3 Qd4 28.Ne4 Rbc8
29.Rxc8 Rxc8 {#R} 0-1

[Event "Bayern Regionalliga Southeast 2003/04"]
[Site "masterchessopen.com - Bayern (Germany)"]
[Date "2004.03.07"]
[Round "7"]
[White "Penn Peter"]
[Black "Baier Herbert (GER)"]
[Result "0-1"]
[WhiteElo "1905"]
[BlackElo "2062"]

1.c4 f5 2.d4 g6 3.g3 Nf6 4.Nc3 Bg7 5.Bg2 d6 6.Nf3 O-O 7.O-O Nc6 8.d5 Ne5 9.Nd2
g5 10.h3 f4 11.Qc2 Qe8 12.Nde4 Nxe4 13.Nxe4 Bf5 14.Qb3 Bxe4 15.Bxe4 Qh5 16.g4
Qh4 17.Bg2 Rf6 18.Bd2 h5 19.f3 hxg4 20.fxg4 Raf8 21.Rac1 f3 22.exf3 Nxf3+
23.Bxf3 Qg3+ {#R} 0-1

[Event "Ch Asturias"]
[Site "masterchessopen.com - Asturias (Spain)"]
[Date "2004.03.27"]
[Round "8"]
[White "Alvarez Solis Jesus Manuel (ESP)"]
[Black "Bombin Pinera Dionisio (ESP)"]
[Result "1-0"]
[WhiteElo "2068"]
[BlackElo "2015"]

1.d4 f5 2.Nf3 Nf6 3.g3 g6 4.Bg2 Bg7 5.O-O O-O 6.c4 d6 7.Nc3 Nc6 8.d5 Na5 9.Qa4
c5 10.dxc6 Nxc6 11.Rd1 Bd7 12.Qc2 Rc8 13.e4 fxe4 14.Ng5 Bg4 15.Be3 Bxd1
16.Rxd1 Ng4 17.Ne6 Nxe3 18.fxe3 Qb6 19.Nd5 Qxb2 20.Qxb2 Bxb2 21.Nxf8 Rxf8
22.Rb1 Ba3 23.Rxb7 e6 24.Bxe4 exd5 25.Bxd5+ Kh8 26.Bxc6 Bc5 27.Re7 Rf3 28.Bxf3
{#r} 1-0